Sociálne siete ako nástroj marketingovej komunikácie diplomová práca

Enregistré dans:
Détails bibliographiques
Auteur principal: Horáková, Soňa
Collectivité auteur: Obchodná fakulta EU. Katedra marketingu
Autres auteurs: Labská, Helena
Format: Livre
Langue:slovaque
Publié: Bratislava 2012
Tags: Ajouter un tag
Pas de tags, Soyez le premier à ajouter un tag!

MARC

LEADER 00000nbm a2200000 4500
001 0161423
005 20161228150147.4
041 0 |a slo 
044 |a SK 
245 1 0 |a Sociálne siete ako nástroj marketingovej komunikácie  |b diplomová práca  |c Soňa Horáková ; školiteľ: Helena Labská 
264 1 |a Bratislava  |c 2012 
300 |a 91 s. 
100 1 |a Horáková, Soňa 
700 1 |a Labská, Helena 
710 2 |a Obchodná fakulta EU. Katedra marketingu